<?xml version="1.0" encoding="UTF-8"?>
<collection xmlns="http://www.loc.gov/MARC21/slim">
 <record>
  <leader>01100nam a2200169 a 4500</leader>
  <controlfield tag="001">1/35213</controlfield>
  <controlfield tag="008">080725s2003    gr f          00010 gre d</controlfield>
  <datafield tag="035" ind1=" " ind2=" ">
   <subfield code="l">37721</subfield>
  </datafield>
  <datafield tag="040" ind1=" " ind2=" ">
   <subfield code="a">GR-PeUP</subfield>
  </datafield>
  <datafield tag="082" ind1="0" ind2="0">
   <subfield code="a">657.0218 ΚΑΒ</subfield>
  </datafield>
  <datafield tag="100" ind1="1" ind2=" ">
   <subfield code="a">Καββαδίας, Λεωνίδας Σπ.</subfield>
  </datafield>
  <datafield tag="245" ind1="1" ind2="0">
   <subfield code="a">Εισαγωγή στα διεθνή λογιστικά πρότυπα /</subfield>
   <subfield code="c">Λεωνίδας Σπ. Καββαδίας.</subfield>
  </datafield>
  <datafield tag="260" ind1="0" ind2=" ">
   <subfield code="a">Αθήνα :</subfield>
   <subfield code="b">Ipirotiki,</subfield>
   <subfield code="c">2003.</subfield>
  </datafield>
  <datafield tag="300" ind1=" " ind2=" ">
   <subfield code="a">334 σ. :</subfield>
   <subfield code="b">πιν. ;</subfield>
   <subfield code="c">24 εκ.</subfield>
  </datafield>
  <datafield tag="500" ind1=" " ind2=" ">
   <subfield code="a">Ανάλυση, ερμηνεία και πρακτικές εφαρμογές, διάταξη ύλης κατά λογαριασμό ισολογισμού, αναλυτικό παράδειγμα μετατροπής οικονομικών καταστάσεων από τα Ελληνικά Λογιστικά Πρότυπα (ΕΛΛ.Λ.Π.) στα Διεθνή Λογιστικά Πρότυπα (Δ.Λ.Π.)</subfield>
  </datafield>
  <datafield tag="650" ind1=" " ind2="4">
   <subfield code="a">Λογιστική</subfield>
   <subfield code="x">Πρότυπα.</subfield>
  </datafield>
  <datafield tag="852" ind1=" " ind2=" ">
   <subfield code="a">INST</subfield>
   <subfield code="b">UNIPILB</subfield>
   <subfield code="c">MAIN</subfield>
   <subfield code="e">20080725</subfield>
   <subfield code="h">657.0218 ΚΑΒ</subfield>
   <subfield code="p">00155965</subfield>
   <subfield code="q">00155965</subfield>
   <subfield code="t">LOAN</subfield>
   <subfield code="y">0</subfield>
   <subfield code="4">1</subfield>
  </datafield>
 </record>
</collection>
